00952cam a22002297a 4500003000500000005001700005008004100022010001000063011001000073020001500083035001100098040000900109100002600118245013600144260006000280300001000340490015000350650003900500650001300539700002000552830015000572CHAP20220329143028.0050909d2004 pe r 00110 spa d a90897 a91869 a9290602368 a102432 cCHAP00aEspinosa, Patricio O.13aEl potencial económico de tecnologías de producción y comercialización de ullucoc/por Patricio O. Espinosa y David Yanggen aLima, Perú :bCentro Internacional de la Papa,c2004. a38 p. 0aConservación y uso de la biodiversidad de raíces y tubérculos andinos : Una década de investigación para el desarrollo (1993-2003)v; 714aTubérculos y cultivos de raíz.14aUllucus.0 aYanggen, David.00aConservación y uso de la biodiversidad de raíces y tubérculos andinos : Una década de investigación para el desarrollo (1993-2003)v; 7